| 000 | 01464nam a2200337Ia 4500 | ||
|---|---|---|---|
| 001 | ebr10135743 | ||
| 003 | CaPaEBR | ||
| 006 | m u | ||
| 007 | cr cn||||||||| | ||
| 008 | 041220s2005 nyu sb 101 0 eng d | ||
| 010 | _z 2004060232 | ||
| 020 | _z1403980535 | ||
| 020 | _z1403969647 | ||
| 040 |
_aCaPaEBR _cCaPaEBR |
||
| 035 | _a(OCoLC)560191472 | ||
| 050 | 1 | 4 |
_aHV699 _b.G66 2005eb |
| 245 | 0 | 0 |
_aGood parents or good workers? _h[electronic resource] : _bhow policy shapes families' daily lives / _cedited by Jill Duerr Berrick and Bruce Fuller. |
| 260 |
_aNew York : _bPalgrave Macmillan, _c2005. |
||
| 300 | _axii, 186 p. | ||
| 500 | _aPapers originally presented at a national conference sponsored by the Haas Jr. Fund of San Francisco in 2001. | ||
| 504 | _aIncludes bibliographical references and index. | ||
| 533 |
_aElectronic reproduction. _bPalo Alto, Calif. : _cebrary, _d2009. _nAvailable via World Wide Web. _nAccess may be limited to ebrary affiliated libraries. |
||
| 650 | 0 |
_aPoor families _xGovernment policy _zUnited States _vCongresses. |
|
| 650 | 0 |
_aFamily policy _zUnited States _vCongresses. |
|
| 650 | 0 |
_aPublic welfare _zUnited States _vCongresses. |
|
| 655 | 7 |
_aElectronic books. _2local |
|
| 700 | 1 | _aBerrick, Jill Duerr. | |
| 700 | 1 | _aFuller, Bruce. | |
| 710 | 2 | _aebrary, Inc. | |
| 856 | 4 | 0 |
_uhttp://site.ebrary.com/lib/rucke/Doc?id=10135743 _zAn electronic book accessible through the World Wide Web; click to view |
| 999 |
_c189340 _d189340 |
||